| 000 | 01211nam a2200325 a 4500 | ||
|---|---|---|---|
| 001 | 000113457 | ||
| 003 | CHAP | ||
| 005 | 20220329144355.0 | ||
| 008 | 170628s2017 mx sm |||||||spa d | ||
| 010 | _a109918 | ||
| 011 | _a110890 | ||
| 040 | _cCHAP | ||
| 090 | _aTesis | ||
| 100 | 1 |
_aTreviño Muñiz, José Angel _9132736 |
|
| 245 | 1 | 0 |
_aHuella hídrica y productividad del suelo, capital y trabajo en el cultivo de nogal (Carya illinoinensis) en Lerdo, Durango _h[En línea] _cpor José Angel Treviño Muñiz. |
| 260 |
_aDurango, Méx. : _bEl autor, _c2017. |
||
| 500 | _aPara ver el contenido del material haga clic en la liga | ||
| 502 | _aTesis (Ing. en Sistemas Agricolas) -- UACH. Unidad Regional Universitaria de Zonas Áridas | ||
| 590 |
_aE5765TAJ _b05 _c20170628 _lUCH01 _h0934 |
||
| 590 |
_aE5765TAJ _b05 _c20170628 _lUCH01 _h0935 |
||
| 650 | 1 | 4 |
_aNogal _xAgua requerida. _981546 |
| 650 | 1 | 4 |
_aNogal _xCostos de producción. _981549 |
| 650 | 1 | 4 |
_aNogal _xIrrigación. _981560 |
| 650 | 1 | 4 |
_aNogal _xRendimiento. _981569 |
| 650 | 1 | 4 |
_aSuelos _xProducción. _9110463 |
| 856 |
_aFinding aid _uhttp://10.13.5.2/tesis/sist113457.pdf _zTeclea aquí |
||
| 901 | _aBK | ||
| 942 | _cTESIS | ||
| 942 | _n0 | ||
| 999 |
_c109918 _d109918 |
||